00513nam a2200145Ia 4500008004100000100002500041245013400066245004700200260003500247260000900282300002400291500000900315650002300324650002000347170224s9999 xx 000 0 und d aVen-Hwei Lo, Ran Wei aTheoretical and methodological patterns of third-person effect research: a comparative thematic analysis of Asia and the world  cVen-Hwei Lo, Ran Wei, Xiao Zhang & Lei Guo bAsian Journal of Communication c2016 a26:6,Pages: 583-604 a2016 xCommunication Arts xMultimedia Arts